00313nam a2200109Ia 4500008004000000020001800040082001500058100001800073245005300091260005100144300000800195210210b1978 xxu||||| |||| 00| 0 eng d a0 7069 0658 6 a303.4 ISHP aISHWARAN (K). aPopulistic community and modernization in India. aDelhi.bVikas Publishing House Pvt Ltd.,c1978 a122